00678 2200169 4500245004900000020002300049250001100072100002000083650001700103005001900120260004900139041001400188084000800202300002600210500026300236336000900499 aThe Mhardyan RhapsodycMhardy MohammadhText a978-602-7-13-08-00 aCet. 1 aMhardy Mohammad aNovel Remaja a20240222093831 aJakartabMahakarya Indonesia Publisherc2016 aIndonesia a813 aiv, 92 hlm. :c19 cm. aSebuah novel yang diangkat dari sebuah kisah nyata. Sebuah cerita sinta yang dari awal hingga akhir diceritakan melalui bait-bait puisi yang berbahasa indah dan menyentuh perasaan, sehingga menciptakan kesan yang berbeda dari sekedar paragraf-paragraf biasa. atext